All Life Series Members' Minecraft Accounts - Statistics

General Stats
  • This quiz has been taken 39 times
    9 since last reset
  • The average score is 15 of 40
Answer Stats
Main Acc. Answer % Correct
- Grian
100%
- GeminiTay
83%
- InTheLittleWood
83%
- Mumbo
83%
- Smallishbeans
83%
- Etho
67%
- impulseSV
67%
- LDShadowLady
67%
PearlescentMoon PearlescentMoo
67%
- Skizzleman
67%
- Tango
67%
- BdoubleO100
50%
- SolidarityGaming
50%
- ZombieCleo
50%
GoodTimeWithScar BadTimeWithScar
33%
- bigbst4tz2
33%
- GoodTimeWithScar
33%
Mumbo MumboJumbo
33%
- PearlescentMoon
33%
- Renthedog
33%
- Smajor1995
33%
GeminiTay AriesEva
17%
ZombieCleo Cleophas
17%
InTheLittleWood Froguey
17%
Grian Grianch
17%
ZombieCleo HumanCleo
17%
impulseSV ImpulseCam
17%
SolidarityGaming JimmySG
17%
Mumbo MumboDrone
17%
Grian NPC_GRIAN
17%
Smallishbeans PiglinMyNose
17%
LDShadowLady PrincessWifi
17%
Renthedog renthebob
17%
Renthedog RentheKing
17%
Grian / Smallishbeans SnifferMyFeet
17%
Tango TangoCam
17%
InTheLittleWood TheListeners
17%
Grian TwoMuchGrian
17%
BdoubleO100 WellsGlazes
17%
Smajor1995 Xornoth
17%
No matching quizzes found
Score Distribution
Percent of People with Each Score
Percentile by Number Answered
Your Score History
You have not taken this quiz since the last reset